书目信息 |
| 题名: |
基础化学
|
|
| 作者: | ;《基础化学》编写组 编写 | |
| 分册: | 中册 | |
| 出版信息: | 上海 上海科学技术出版社 1981.04 |
|
| 页数: | 267页 | |
| 开本: | 20cm | |
| 丛书名: | ||
| 单 册: | ||
| 中图分类: | O6 | |
| 科图分类: | ||
| 主题词: | 定量分析 , 化学 | |
| 电子资源: | ||
| ISBN: | ||
| 000 | 00648nam0 2200229 45 | |
| 001 | 0179000644 | |
| 005 | 20060814164025.46 | |
| 010 | @dCNY0.98 | |
| 091 | @a13119.780 | |
| 100 | @a19950726d1981 em y0chiy0121 ea | |
| 101 | 0 | @achi |
| 102 | @aCN@b310000 | |
| 105 | @ay z 000yy | |
| 200 | 10 | @a基础化学@Aji chu hua xue@h中册@f《基础化学》编写组编写@F《ji chu hua xue》bian xie zu bian xie |
| 210 | @a上海@c上海科学技术出版社@d1981.04 | |
| 215 | @a267页@d20cm | |
| 606 | @a定量分析 | |
| 606 | @a化学 | |
| 690 | @aO6@v3 | |
| 711 | 0 | @a《基础化学》编写组@A《ji chu hua xue》bian xie zu@4编写 |
| 801 | 0 | @aCN@bNLC@c20060814 |
| 905 | @dO6@e100:2 | |
| 基础化学.中册/《基础化学》编写组编写.-上海:上海科学技术出版社,1981.04 |
| 267页;20cm |
| ISBN :CNY0.98 |
| ● |
| 相关链接 |
|
|
|
|
正题名:基础化学
索取号:O6/100:2
 
预约/预借
| 序号 | 登录号 | 条形码 | 馆藏地/架位号 | 状态 | 备注 |
| 1 | 0057861 | 202139355 | 密集书库/ [索取号:O6/100:2] | 在馆 | |
| 2 | 0057862 | 202139435 | 密集书库/ [索取号:O6/100:2] | 在馆 | |
| 3 | 0057863 | 202311408 | 密集书库/ [索取号:O6/100:2] | 在馆 | |
| 4 | 0057864 | 202311444 | 密集书库/ [索取号:O6/100:2] | 在馆 | |
| 5 | 0057865 | 202311453 | 密集书库/ [索取号:O6/100:2] | 在馆 | |
| 6 | 0057866 | 202311417 | 密集书库/ [索取号:O6/100:2] | 在馆 | |
| 7 | 0057867 | 202384428 | 密集书库/ [索取号:O6/100:2] | 在馆 | |
| 8 | 0057868 | 202384357 | 密集书库/ [索取号:O6/100:2] | 在馆 | |
| 9 | 0057869 | 000337978 | 第三借阅区/ [索取号:O6/100:2] | 在馆 | |
| 10 | 0057870 | 202139319 | 密集书库/ [索取号:O6/100:2] | 在馆 | |
| 11 | 0127043 | 202311480 | 密集书库/ [索取号:O6/100:2] | 在馆 | |
| 12 | 0127044 | 000337987 | 第三借阅区/ [索取号:O6/100:2] | 在馆 | |
| 13 | 0127045 | 202384393 | 密集书库/ [索取号:O6/100:2] | 在馆 | |
| 14 | 0127046 | 202384384 | 密集书库/ [索取号:O6/100:2] | 在馆 | |
| 15 | 0127047 | 202102241 | 第二样本阅览室/ [索取号:O6/100:2] | 在馆 | |
| 16 | 0432034 | 204320341 | 密集书库/ [索取号:O6/100:2] | 在馆 | |
| 17 | 0432084 | 204320840 | 密集书库/ [索取号:O6/100:2] | 在馆 | |
| 18 | 0432650 | 204326504 | 密集书库/ [索取号:O6/100:2] | 在馆 | |
| 19 | 0432652 | 204326522 | 密集书库/ [索取号:O6/100:2] | 在馆 | |
| 20 | 0442646 | 204426460 | 密集书库/ [索取号:O6/100:2] | 在馆 | |
| 21 | 0442647 | 204426479 | 密集书库/ [索取号:O6/100:2] | 在馆 | |
| 22 | 0442648 | 204426488 | 密集书库/ [索取号:O6/100:2] | 在馆 | |
| 23 | 0442649 | 204426497 | 密集书库/ [索取号:O6/100:2] | 在馆 | |
| 24 | 0461272 | 204612721 | 密集书库/ [索取号:O6/100:2] | 在馆 | |
| 25 | 0461273 | 204612730 | 密集书库/ [索取号:O6/100:2] | 在馆 | |
| 26 | 0461274 | 204612749 | 密集书库/ [索取号:O6/100:2] | 在馆 |